Mass communication : (Record no. 155700)

MARC details
000 -LEADER
fixed length control field 00777nam a22002537a 4500
003 - CONTROL NUMBER IDENTIFIER
control field dpl
005 - DATE AND TIME OF LATEST TRANSACTION
control field 20180809124213.0
008 - FIXED-LENGTH DATA ELEMENTS--GENERAL INFORMATION
fixed length control field 180809b xxu||||| |||| 00| 0 eng d
010 ## - LIBRARY OF CONGRESS CONTROL NUMBER
LC control number B-121560
016 ## - NATIONAL BIBLIOGRAPHIC AGENCY CONTROL NUMBER
Record control number B-121560
020 ## - INTERNATIONAL STANDARD BOOK NUMBER
International Standard Book Number 8176295078
Terms of availability 0.00
035 ## - SYSTEM CONTROL NUMBER
System control number B-121560
037 ## - SOURCE OF ACQUISITION
Source of stock number/acquisition BPPD/PUB
040 ## - CATALOGING SOURCE
Transcribing agency 0
082 14 - DEWEY DECIMAL CLASSIFICATION NUMBER
Classification number 302.23
100 1# - MAIN ENTRY--PERSONAL NAME
Personal name Sharma, Diwakar
245 1# - TITLE STATEMENT
Title Mass communication :
Statement of responsibility, etc by Diwakar Sharma, H.P. Gupta
Remainder of title Theory and practice in the 21st century /
260 ## - PUBLICATION, DISTRIBUTION, ETC. (IMPRINT)
Place of publication, distribution, etc New Delhi
Name of publisher, distributor, etc Deep and deep publications pvt.ltd
Date of publication, distribution, etc New delhi
270 ## - ADDRESS
Address F-159, Rajouri garden
City New delhi
Postal code 110027
300 ## - PHYSICAL DESCRIPTION
Extent xv, 344p.
Other physical details 22cm ( Hb)
500 ## - GENERAL NOTE
General note Includes index
700 ## - ADDED ENTRY--PERSONAL NAME
Personal name Gupta.H.P
942 ## - ADDED ENTRY ELEMENTS (KOHA)
Institution code [OBSOLETE] dpl
Koha item type English Books
Call number prefix 302.23 / SHA
Source of classification or shelving scheme Dewey Decimal Classification
Classification part 302.23
Call number suffix SHA
Holdings
Withdrawn status Lost status Source of classification or shelving scheme Damaged status Not for loan Collection code Home library Current library Date acquired Source of acquisition Cost, normal purchase price Total Checkouts Full call number Barcode Date last seen Date checked out Cost, replacement price Price effective from Koha item type
    Dewey Decimal Classification     Non-fiction Shahdara Branch Shahdara Branch 09/08/2018 BPPD/PUB 0.00 1 302.23 SHA B-121560 28/06/2021 21/06/2021 0.00 09/08/2018 English Books
    Dewey Decimal Classification     Non-fiction Yojana Vihar Yojana Vihar 06/09/2019 BPPD/PUB 0.00   302.23 SHA B-121561 06/09/2019   0.00 06/09/2019 English Books

© Delhi Public Library
Hit Counter
free hit counter